| 000 | 00416nam a2200157Ia 4500 | ||
|---|---|---|---|
| 003 | GCL | ||
| 008 | 140319s9999 xx 000 0 eng d | ||
| 040 |
_aGCL / _cGCL |
||
| 082 | 0 | 4 |
_a005.4469 _bP D |
| 100 | 1 | _aPRONK, RON | |
| 245 | 1 | 0 |
_aDOS 6 INSIDER / _cPRONK, RON |
| 260 |
_a[S.N] : _bJOHN WILEY AND SONS. INC ، _c1993 |
||
| 300 | _a489 P | ||
| 650 | 0 | 4 | _aMS - DOS ( COMPUTER OPERATING SYSTEM ) |
| 942 |
_2ddc _cBK |
||
| 999 |
_c22310 _d22310 |
||